|
|
|
|
| LEADER |
02183nam a2200625 a 4500 |
| 001 |
cpk20051568109 |
| 003 |
CZ PrNK |
| 005 |
20171213235009.0 |
| 007 |
ta |
| 008 |
050617s2004 xr f 001 0 cze |
| 015 |
|
|
|a cnb001568109
|
| 020 |
|
|
|a 80-7294-132-1
|q (brož.) :
|c Kč 289,00
|
| 035 |
|
|
|a (OCoLC)85145693
|
| 040 |
|
|
|a ABA001
|b cze
|
| 041 |
1 |
|
|a cze
|h eng
|
| 072 |
|
7 |
|a 82.0
|x Literatura (teorie)
|2 Konspekt
|9 11
|
| 080 |
|
|
|a 82.0
|2 MRF
|
| 080 |
|
|
|a 82-21
|2 MRF
|
| 080 |
|
|
|a 82-31
|2 MRF
|
| 080 |
|
|
|a 7.04
|2 MRF
|
| 080 |
|
|
|a 124.6:159.942.4
|2 MRF
|
| 080 |
|
|
|a 82:1
|2 MRF
|
| 080 |
|
|
|a (048.8)
|2 MRF
|
| 100 |
1 |
|
|a Eagleton, Terry,
|d 1943-
|7 skuk0000350
|4 aut
|
| 245 |
1 |
0 |
|a Sladké násilí :
|b idea tragična /
|c Terry Eagleton ; [přeložil Marek Sečkař]
|
| 250 |
|
|
|a Vyd. 1.
|
| 260 |
|
|
|a Brno :
|b Host,
|c 2004
|
| 300 |
|
|
|a 391 s. ;
|c 21 cm
|
| 490 |
1 |
|
|a Studium ;
|v 15
|
| 500 |
|
|
|a Přeloženo z angličtiny
|
| 504 |
|
|
|a Obsahuje bibliografické odkazy a rejstřík
|
| 650 |
0 |
7 |
|a literární teorie
|7 ph116427
|2 czenas
|
| 650 |
0 |
7 |
|a tragédie
|7 ph138352
|2 czenas
|
| 650 |
0 |
7 |
|a román
|7 ph116056
|2 czenas
|
| 650 |
0 |
7 |
|a náměty, témata a motivy
|7 ph138485
|2 czenas
|
| 650 |
0 |
7 |
|a tragično
|7 ph206881
|2 czenas
|
| 650 |
0 |
7 |
|a filozofie literatury
|7 ph120227
|2 czenas
|
| 650 |
0 |
9 |
|a literary theory
|2 eczenas
|
| 650 |
0 |
9 |
|a tragedies
|2 eczenas
|
| 650 |
0 |
9 |
|a fiction
|2 eczenas
|
| 650 |
0 |
9 |
|a themes and motives
|2 eczenas
|
| 650 |
0 |
9 |
|a Tragic, The
|2 eczenas
|
| 650 |
0 |
9 |
|a philosophy of literature
|2 eczenas
|
| 655 |
|
7 |
|a studie
|7 fd133597
|2 czenas
|
| 655 |
|
9 |
|a studies
|2 eczenas
|
| 700 |
1 |
|
|a Sečkař, Marek,
|d 1973-
|7 jx20050620011
|4 trl
|
| 765 |
0 |
|
|t Sweet violence
|9 Česky
|
| 830 |
|
0 |
|a Studium (Host)
|0 s
|
| 856 |
4 |
1 |
|u http://www.digitalniknihovna.cz/mzk/uuid/uuid:85606c70-b256-11e7-a6f3-005056827e52
|y Digitalizovaný dokument
|x NDK
|
| 910 |
2 |
|
|a BOA001
|b 2-1160.225
|
| 990 |
|
|
|a BK
|
| 995 |
|
|
|a 01
|
| 991 |
|
|
|b 200511
|c NOV
|
| 996 |
6 |
|
|b 2610263208
|c 2-1160.225
|l MZK
|r Sklad / do 1 hodiny
|n 1
|p p.v.
|w 000796851
|u 000010
|a 1
|e BOA001
|j MZK50
|s P
|
| 996 |
7 |
|
|b 2610263209
|c 2-1160.225
|l Vol.výběr
|r VV 1p
|n 19
|p p.v.
|h 82.0 EAG
|w 000796851
|u 000020
|a 0
|e BOA001
|j MZK50
|s A
|